000 00293nam a22001337a 4500
008 190304b xxu||||| |||| 00| 0 eng d
020 _a9780803615267
041 _aeng
080 _a616.15
100 _a9
101 _aHEM
245 _aHematology in Practice
_cCiesla,B
942 _2udc
_cBK
999 _c54396
_d54396